000 00585nam a2200217Ia 4500
003 OSt
005 20241023052259.0
008 240925s9999 xx 000 0 und d
020 _a9780170184793
040 _cdf
082 _a650.015195 SEL
100 _aSelvanathan, Eliyathamby A.; Selvanathan, Saroja
245 0 _aBusiness Statistics: Australia New Zealand
250 _a5th
260 _aAustralia:
_bCENGAGE Learning
_c,2011.
300 _axxx, 688p.
_bNA
_fOriginal
500 _aIncludes Index
600 _aSocial Sciences
650 _aManagement
942 _cBK
_2ddc
999 _c14599
_d14599